| 000 | 00873nam a2200241 4500 | ||
|---|---|---|---|
| 001 | 174563 | ||
| 003 | ES-MaACL | ||
| 005 | 20250709063229.0 | ||
| 008 | 100506s1770 sp p |||| | spa d | ||
| 080 | _a27(460.237)"00/11" | ||
| 100 | 1 |
_aFlórez, Enrique, _d1702-1773 _9142679 |
|
| 240 | 1 | 0 | _aEspaña sagrada |
| 245 | 1 | 0 |
_aEspaña sagrada. _nTomo XXV, _pLas memorias antiguas eclesiasticas de la Santa iglesia de Tarragona / _csu autor Henrique Florez. |
| 260 |
_aMadrid : _bpor Antonio Marin, _c1770. |
||
| 300 |
_a[8], 246 p. ; _c20 cm. |
||
| 500 | _aApéndices, p. 183-240. | ||
| 504 | _aÍndice alfabético de cosas notables del tomo. | ||
| 546 | _aApéndices en latín. | ||
| 651 | 4 |
_aTarragona (Provincia)- _xHistoria eclesiástica. _9142729 |
|
| 852 | 4 |
_aES-MaACL _jR-1617-69 _x C-16767-818 |
|
| 999 |
_c174563 _d174563 |
||